000 00345nam a2200145Ia 4500
008 150201s2009 xx 000 0 und d
082 _a610
_bP09M
100 _aMEHTA,P J
245 _aPRACTICAL MEDICINE
250 _a19TH
260 _bNATIONAL BOOK
_aMUMBAI
_c2009
300 _a1-556
650 _aMEDICINE AND DIAGNOSIS
942 _2ddc
_cBK
_095
999 _c351
_d351